000
00302nam a2200121Ia 4500
008
151001s9999||||xx |||||||||||||| ||und||
100
_a
राम जोगळेकर
245
_a
चित्र - चरित्र
260
_b
सुरज
260
_c
1995
300
_a
84
365
_b
21
999
_c
971277
_d
971274